| 000 | 00658nam a2200193Ii 4500 | ||
|---|---|---|---|
| 003 | JO-AjNU | ||
| 008 | 230605s9999||||xx |||||||||||||| ||und|| | ||
| 040 |
_aJO-AjNU _bara _erda _cJO-AjNU |
||
| 041 | _aara | ||
| 050 | 1 | 4 | _aPN1059.S7.2666 1900 |
| 100 | 3 |
_aأبو غنيمة، حسان, _eauthor _948710 |
|
| 245 | 0 | 0 | _aالأغنية السينمائية: في الشكل و المضمون |
| 264 | 3 | 1 | _aعمان: وزارة الثقافة، 1900 |
| 300 | _a112ص | ||
| 336 |
_atext _btxt _2rdacontent |
||
| 337 |
_aunmediated _bn _2rdamedia |
||
| 338 |
_avolume _bnc _2rdacarrier |
||
| 650 | 4 |
_aالأغاني - السينما - تاريخ ونقد _948711 |
|
| 999 |
_aA21350 _c24918 _d24918 |
||